Normal view
MARC view
- النقل البري - البلاد العربية - إحصاءات
Entry Topical Term
001 - CONTROL NUMBER
- control field: 32882
003 - CONTROL NUMBER IDENTIFIER
- control field: JO-AjAnu
005 - DATE AND TIME OF LATEST TRANSACTION
- control field: 20230606075524.0
008 - FIXED-LENGTH DATA ELEMENTS
- fixed length control field: 230606|| aca||aabn | a|a d
040 ## - CATALOGING SOURCE
- Original cataloging agency: JO-AjAnu
- Transcribing agency: JO-AjAnu
150 ## - HEADING--TOPICAL TERM
- Topical term or geographic name entry element: النقل البري - البلاد العربية - إحصاءات
670 ## - SOURCE DATA FOUND
- Source citation: Work cat.: (JO-AjAnu)16892: لاشين،عبدالقادر فتحي/فريق خبراء من المنظمة العربية للتنمية الادارية, author 32881, المعالم الاساسية للنقل في الوطن العربي:بيانات احصائية ودراسة وتحليل